A. WESLEY POWELL LEARNING RESOURCE CENTRE (WPLRC)

Wonderful Place to Learn, Research & Collaborate

West Indian Stone (Record no. 4614)

MARC details
000 -LEADER
fixed length control field 00407nam a22001817a 4500
001 - ACCESSION NUMBER
control field 5128
003 - CONTROL NUMBER IDENTIFIER
control field OSt
005 - DATE AND TIME OF LATEST TRANSACTION
control field 20150915150449.0
008 - FIXED-LENGTH DATA ELEMENTS--GENERAL INFORMATION
fixed length control field 150915b xxu||||| |||| 00| 0 eng d
020 ## - INTERNATIONAL STANDARD BOOK NUMBER
International Standard Book Number 000000
040 ## - CATALOGING SOURCE
Transcribing agency DDC
082 ## - DEWEY DECIMAL CLASSIFICATION NUMBER
Classification number R/F SAL (5128)
100 ## - MAIN ENTRY--PERSONAL NAME
Fuller form of name Salkey, Andrew
245 ## - TITLE STATEMENT
Title West Indian Stone
260 ## - PUBLICATION, DISTRIBUTION, ETC. (IMPRINT)
Place of publication, distribution, etc. Faber & Faber
Name of publisher, distributor, etc. London
Date of publication, distribution, etc. 1960
300 ## - PHYSICAL DESCRIPTION
Extent 224 p, :
Other physical details 18 cm
942 ## - ADDED ENTRY ELEMENTS (KOHA)
Source of classification or shelving scheme Dewey Decimal Classification
Koha item type Books
Holdings
Withdrawn status Lost status Source of classification or shelving scheme Damaged status Not for loan Home library Current library Date acquired Total Checkouts Full call number Barcode Date last seen Price effective from Koha item type
    Dewey Decimal Classification     Wesley Powell Learning Resource Centre Wesley Powell Learning Resource Centre 09/15/2015   R/F SAL 5128 09/15/2015 09/15/2015 Books